000 00248nam a2200097Ia 4500
001 684954
005 20250826161508.0
008 250824s9999 xx 000 0 und d
245 0 _aSULTANI ÖLDÜRMEK/A.ÜMİT/EVEREST
_cAHMET ÜMİT
260 _bEVEREST
999 _c684954
_d684954